000 00619nam a2200181Ia 4500
008 151018s9999 xx 000 0 und d
082 _bRBASDV63056
_a920
100 _aसायना नेहवाल
245 _aध्यास जिंकण्याचा
250 _b1
260 _bरोहन प्रकाशन पुणे
_c2012
300 _a126
600 _aसायना नेहवाल
630 _aध्यास जिंकण्याचा
700 _aसायना नेहवाल
730 _aध्यास जिंकण्याचा
942 _cBOOK
999 _c1055399
_d1055396